LEADER 01193cam2 22002891 450 001 SOBE00021672 005 20221214090507.0 100 $a20120120f0000 |||||ita|0103 ba 101 $aita 102 $aIT 200 0 $a3 210 $aMilano$cIstituto Editoriale Italiano$d[19..] 215 $a334 p.$cill.$d18 cm 225 2 $aImmortali e altri massimi scrittori. 2. Serie$fraccolta diretta da Luigi Luzzatti e Ferdinando Martini$v2 410 1$1001SOBE00074300$12001 $aGli *Immortali e altri massimi scrittori. 2. Serie / raccolta diretta da Luigi Luzzatti e Ferdinando Martini$v2 461 1$1001SOBE00021669$12001 $a<>commedie / Aristofane ; traduzione, con introduzione e note, di Ettore Romagnoli 700 0$aAristophanes$3AF00006073$4070$0602827 702 1$aRomagnoli, Ettore$3AF00003414$4070 801 0$aIT$bUNISOB$c20221214$gRICA 850 $aUNISOB 852 $aUNISOB$j000|Coll|53|K$m62336 912 $aSOBE00021672 940 $aM 102 Monografia moderna SBN 941 $aW 957 $a000|Coll|53|K$b000016$i-3$gSI$d62336$racquisto$tN$1vittorini$2UNISOB$3UNISOB$420120120123237.0$520120326094705.0$6vittorini 996 $a3$92982203 997 $aUNISOB